Effects of urbanization on ground water / (Record no. 532400)

000 -LEADER
fixed length control field 00312nam a22001337a 4500
003 - CONTROL NUMBER IDENTIFIER
control field NUST
038 ## - RECORD CONTENT LICENSOR
Staff Name M.Ramzan
082 ## - DEWEY DECIMAL CLASSIFICATION NUMBER
Classification number 628.114
Author Mark CHA
100 ## - MAIN ENTRY--PERSONAL NAME
Personal name Chang, Ni-Bin.
9 (RLIN) 25794
245 ## - TITLE STATEMENT
Title Effects of urbanization on ground water /
260 ## - PUBLICATION, DISTRIBUTION, ETC.
Place of publication, distribution, etc. Virginia:
Name of publisher, distributor, etc. ASCE,
Date of publication, distribution, etc. 2010
300 ## - PHYSICAL DESCRIPTION
Extent 556 p, :
942 ## - ADDED ENTRY ELEMENTS (KOHA)
Source of classification or shelving scheme
Koha item type Book
Holdings
Withdrawn status Lost status Source of classification or shelving scheme Damaged status Not for loan Permanent Location Current Location Date acquired Total Checkouts Full call number Barcode Date last seen Price effective from Koha item type
          School of Civil and Environmental Engineering (SCEE) School of Civil and Environmental Engineering (SCEE) 11/19/2019   628.114 CHA NIT-9999 11/19/2019 11/19/2019 Book
© 2023 Central Library, National University of Sciences and Technology. All Rights Reserved.